|
|
|
|
| LEADER |
01618nam a2200301 a 4500 |
| 001 |
17960 |
| 003 |
BD-DhAAL |
| 008 |
090408s2008 enka b 001 0 eng d |
| 010 |
|
|
|a \\2008015137
|
| 020 |
|
|
|a 0230550681 (hbk. : alk. paper)
|
| 020 |
|
|
|a 9780230550681 (hbk. : alk. paper)
|
| 020 |
|
|
|a 023055069X (pbk. : alk. paper)
|
| 020 |
|
|
|a 9780230550698 (pbk. : alk. paper)
|
| 040 |
|
|
|a DLC
|c DLC
|d BTCTA
|d BAKER
|d BWKUK
|d YDXCP
|d BWK
|d BWX
|d UKM
|d PMC
|d CDX
|d DLC
|d BD-DhAAL
|
| 082 |
0 |
0 |
|a 408.2
|2 22
|
| 245 |
0 |
0 |
|a Gender and language research methodologies /
|c edited by Kate Harrington ... [et al.].
|
| 260 |
|
|
|a Houndmills, Basingstoke, Hampshire ;
|a New York :
|b Palgrave Macmillan,
|c 2008.
|
| 300 |
|
|
|a xii, 332 pages :
|b illustrations ;
|c 23 cm
|
| 504 |
|
|
|a Includes bibliographical references (pages 297-325) and index.
|
| 526 |
|
|
|a ENH
|x Sohana Manzoor
Faculty Member of BRAC University
|
| 541 |
1 |
|
|e 17960, 17961
|a D. S. Books International
|
| 650 |
|
0 |
|a Language and sex
|x Research
|x Methodology.
|9 41533
|
| 700 |
1 |
|
|a Harrington, Kate,
|d 1975-
|9 41534
|
| 852 |
4 |
|
|a Ayesha Abed Library
|c General Sracks
|
| 942 |
|
|
|2 ddc
|c BK
|
| 999 |
|
|
|c 248
|d 248
|
| 952 |
|
|
|0 0
|1 0
|2 ddc
|4 0
|6 408_200000000000000_GEN
|7 0
|9 230
|a BRACUL
|b BRACUL
|c GEN
|d 2009-04-29
|e D. S. Books International
|g 2088.00
|l 2
|m 1
|o 408.2 GEN
|p 3010017961
|r 2015-04-17
|s 2014-11-13
|t 2
|w 2009-04-29
|y BK
|x Requisitioned by Sohana Manzoor ; £18.99
|
| 952 |
|
|
|0 0
|1 0
|2 ddc
|4 0
|6 408_200000000000000_GEN
|7 0
|9 9889
|a BRACUL
|b BRACUL
|c GEN
|d 2010-05-06
|e D. S. Books International
|l 6
|m 21
|o 408.2 GEN
|p 3010017960
|r 2019-10-03
|s 2019-09-20
|t 1
|w 2010-05-06
|y BK
|x Requisitioned by Sohana Manzoor ; £18.99
|